Państwa Europy bez metra - Statystyki

Ogólne statystyki
  • Ten quiz został rozwiązany 105 razy
  • Średni wynik to 20 z 22
Statystyki odpowiedzi
Państwo % Poprawnych
Litwa
97%
Łotwa
97%
Andora
95%
Słowacja
95%
Watykan
95%
Serbia
94%
Albania
93%
Chorwacja
93%
Estonia
93%
Liechtenstein
93%
Słowenia
93%
Bośnia i Hercegowina
92%
Czarnogóra
92%
Luksemburg
92%
Macedonia Północna
91%
San Marino
91%
Kosowo
90%
Malta
90%
Irlandia
88%
Islandia
88%
Mołdawia
88%
Monako
81%
Nie znaleziono quizów pasujących do podanych kryteriów
Rozkład punktacji
Procent ludzi z każdym wynikiem
Percentyl według liczby udzielonych odpowiedzi
Twoja historia wyników
Nie rozwiązałeś tego quizu